| Tag |
First Indicator |
Second Indicator |
Subfields |
| LEADER |
00000cam a2200000 a 4500 |
| 001 |
in00000030875 |
| 005 |
20151007054900.0 |
| 008 |
880624s1988 onc b 00000 eng d |
| 015 |
|
|
|a C88-093275-9
|
| 020 |
|
|
|a 0802057799 :
|c $37.50
|
| 020 |
|
|
|a 0802066909 (pbk.)
|
| 035 |
|
|
|a (OCoLC)18130229
|
| 035 |
|
|
|9 AAB6516AM
|
| 040 |
|
|
|a PBU
|c PBU
|d TXA
|d UtOrBLW
|
| 043 |
|
|
|a n-cn---
|
| 049 |
|
|
|a TXAM
|c [A11522787]
|
| 050 |
|
4 |
|a E92
|b .G69 1988
|
| 245 |
0 |
0 |
|a Governments in conflict? :
|b provinces and Indian nations in Canada /
|c edited by J. Anthony Long and Menno Boldt in association with Leroy Little Bear.
|
| 264 |
|
1 |
|a Toronto ;
|a Buffalo :
|b University of Toronto Press,
|c [1988]
|
| 264 |
|
4 |
|c ©1988
|
| 300 |
|
|
|a x, 296 pages ;
|c 24 cm.
|
| 336 |
|
|
|a text
|b txt
|2 rdacontent
|
| 337 |
|
|
|a unmediated
|b n
|2 rdamedia
|
| 338 |
|
|
|a volume
|b nc
|2 rdacarrier
|
| 504 |
|
|
|a Includes bibliographical references.
|
| 650 |
|
0 |
|a Indians of North America
|z Canada
|x Government relations.
|
| 700 |
1 |
|
|a Long, J. Anthony.
|
| 700 |
1 |
|
|a Boldt, Menno.
|
| 700 |
1 |
|
|a Little Bear, Leroy.
|
| 999 |
|
|
|a MARS
|
| 999 |
f |
f |
|s d87283bc-4de4-3246-953e-2bd8903059c0
|i 06d1769a-4ea9-3b9e-8cd7-5851c5f2fe40
|t 0
|
| 952 |
f |
f |
|p ric
|a Texas A&M University
|b Rellis Campus
|c Joint Library Facility
|d Remote Storage
|t 0
|e E92 .G69 1988
|h Library of Congress classification
|i unmediated -- volume
|m A14811522787
|
| 998 |
f |
f |
|a E92 .G69 1988
|t 0
|l Remote Storage
|